[Event "89th GER-ch"]
[Site "Dresden"]
[Date "2018.08.03"]
[Round "1"]
[White "Poetsch, Hagen"]
[Black "Syrov, Arkadi"]
[Result "1/2-1/2"]
[WhiteElo "2513"]
[BlackElo "2295"]
[Annotator "RC"]
[PlyCount "120"]
[EventDate "2018.08.03"]
[EventType "swiss"]
[EventCountry "GER"]
[SourceTitle "playchess.com"]
[Source "ChessBase"]
[SourceQuality "1"]
[TimeControl "40/5400+30:1800+30"]

1. Nf3 d5 2. g3 c5 3. Bg2 Nc6 4. d4 Nf6 5. O-O e6 6. c4 Be7 7. cxd5 Nxd5 8. dxc5 Bxc5 9. Qc2 Bb6 10. Rd1 Qe7 11. Nc3 Nxc3 12. Qxc3 O-O 13. Bf4 Rd8 14. Rxd8+ Qxd8 15. Qc2 f6 16. Rd1 Qe8 17. Qb3 Kh8 18. Be3 Bxe3 19. Qxe3 e5 20. Nd2 Be6 21. Nb3 Rd8 22. Rxd8 Qxd8 23. Bxc6 bxc6 24. Kg2 Qd7 25. f3 h6 26. Qd2 Qxd2 27. Nxd2 Kg8 28. Kf2 Kf7 29. Ke3 Ke7 30. Kd3 c5 31. a3 Kd6 32. f4 exf4 33. gxf4 Bd5 34. e4 Bf7 35. Ke3 g5 36. e5+ fxe5 37. fxg5 hxg5 38. Ne4+ Kd5 39. Nxg5 Bg6 40. Nf3 a5 41. Nd2 a4 42. h4 e4 43. Nf1 Kc4 44. Nd2+ Kd5 45. b3 axb3 46. Nxb3 c4 47. Nd4 Be8 48. Ne2 Ke5 49. Nc3 Bc6 50. h5 Kf5 51. Kd4 Kg5 52. Nxe4+ Kxh5 53. Nc3 Kg6 54. Kxc4 Kf6 55. Kc5 Be8 56. Kd6 Kf5 57. Nd5 Ba4 58. Nb6 Bd1 59. a4 Bxa4 60. Nxa4 Kg5 1/2-1/2

[Event "89th GER-ch"]
[Site "Dresden"]
[Date "2018.08.03"]
[Round "1"]
[White "Reuker, Jari"]
[Black "Svane, Frederik"]
[Result "1-0"]
[WhiteElo "2404"]
[BlackElo "2292"]
[Annotator "TA"]
[PlyCount "65"]
[EventDate "2018.08.03"]
[EventType "swiss"]
[EventCountry "GER"]
[SourceTitle "playchess.com"]
[Source "ChessBase"]
[SourceQuality "1"]

{[%evp 21,65,32,81,62,62,63,63,41,44,0,22,20,29,0,52,0,67,64,67,73,124,54,60,58,64,75,56,66,64,61,62,32,33,35,36,57,39,-41,8,0,5,-43,-10,-6,35,9]} 1. e4 c5 2. Nf3 e6 3. d4 cxd4 4. Nxd4 a6 5. c4 Nf6 6. Nc3 Qc7 7. Be2 b6 8. O-O Bb7 9. Qd3 d6 10. f4 {[%cal Bf2f4,Bf4f5][%mdl 32]} Nbd7 11. b4 Rc8 {LiveBook: 5 Partien. B41: Sizilianisch (Paulsen-Variante)} (11... d5 12. exd5 Bxb4 13. dxe6 Nc5 14. exf7+ Kxf7 15. Qh3 Rad8 16. Nd5 Nxd5 17. cxd5 Bxd5 18. Nc2 Ba5 19. Ne3 Ne4 20. Bb2 Bd2 21. Bh5+ Kg8 22. Nxd5 Qc5+ 23. Kh1 Qxd5 24. Rad1 Qxa2 25. Rxd2 Nxd2 26. Qc3 {1-0 (26) Kollars,D (2498)-Movsesian,S (2671) Germany 2018}) 12. Bb2 Be7 13. Rac1 Qb8 14. f5 $146 ({Vorgänger:} 14. a3 Qa8 15. Bf3 O-O 16. Rfe1 Rfd8 17. g4 Ne5 18. fxe5 dxe5 19. Nd5 exd5 20. exd5 {1-0 (29) Gong,Q (2284)-Mordido,K (1755) Tagaytay City 2017}) 14... e5 15. Nc2 h6 16. Ne3 O-O 17. a3 Rfd8 ({Besser ist} 17... b5 $11) 18. Rfd1 (18. Bf3 $14) 18... Nf8 (18... b5 $11) 19. Bf3 $14 N8h7 20. h4 $1 a5 ({Günstiger ist} 20... Bc6) 21. g3 (21. Qe2 $16) 21... axb4 22. axb4 d5 23. cxd5 {Und b5 würde nun gewinnen.} Bxb4 24. Kg2 Nd7 {[%cal Bf6d7,Bd7c5,Bc5a4][%mdl 32]} 25. Qb5 Bf8 26. Na4 Qa7 {[#] Droht stark ...La6.} 27. Rxc8 Bxc8 28. Nc3 Ba6 29. Qb3 ({Lieber} 29. Ra1 $14 Bxb5 30. Rxa7) 29... Nc5 30. Qc2 $1 b5 31. Na2 Rc8 {[#] Und weiter mit ...Sa4 wäre nett.} 32. Ng4 Na4 33. Qd2 {[%mdl 32768] Precision: Weiß = 51%, Schwarz = 54%. . Loss on Time!?} 1-0

[Event "89th GER-ch"]
[Site "Dresden"]
[Date "2018.08.03"]
[Round "1"]
[White "Zude, Arno"]
[Black "Rehberg, Raphael"]
[Result "0-1"]
[WhiteElo "2373"]
[BlackElo "2243"]
[Annotator "ChessBase"]
[PlyCount "52"]
[EventDate "2018.08.03"]
[EventType "swiss"]
[EventCountry "GER"]
[SourceTitle "playchess.com"]
[Source "ChessBase"]
[SourceQuality "1"]
[TimeControl "40/5400+30:1800+30"]

1. e4 c5 2. Nf3 e6 3. d4 cxd4 4. Nxd4 a6 5. Bd3 Qc7 6. O-O Nf6 7. Qe2 d6 8. f4 Nbd7 9. c4 g6 10. f5 gxf5 11. exf5 e5 12. Nc3 Be7 13. Nc2 b6 14. Bh6 Bb7 15. Ne3 Rg8 16. b4 b5 17. Rac1 Qb6 18. Qf2 bxc4 19. Bxc4 d5 20. Ncxd5 Nxd5 21. Nxd5 Qxh6 22. f6 Bxb4 23. Nc7+ Kd8 24. Bd5 Bd2 25. Bxf7 Rxg2+ 26. Qxg2 Be3+ 0-1

[Event "89th GER-ch"]
[Site "Dresden"]
[Date "2018.08.03"]
[Round "1"]
[White "Gschnitzer, Adrian"]
[Black "Heimrath, Reiner"]
[Result "1-0"]
[WhiteElo "2333"]
[BlackElo "2200"]
[Annotator "ChessBase"]
[PlyCount "53"]
[EventDate "2018.08.03"]
[EventType "swiss"]
[EventCountry "GER"]
[SourceTitle "playchess.com"]
[Source "ChessBase"]
[SourceQuality "1"]
[TimeControl "40/5400+30:1800+30"]

1. e4 e5 2. Nf3 Nc6 3. Bc4 Bc5 4. O-O Nf6 5. d4 Bxd4 6. Nxd4 Nxd4 7. f4 d6 8. fxe5 dxe5 9. Bg5 Be6 10. Na3 Qe7 11. c3 Bxc4 12. Bxf6 gxf6 13. Nxc4 Ne6 14. b4 Rg8 15. Ne3 Qd6 16. Qxd6 cxd6 17. Nd5 Rg7 18. Rxf6 Rc8 19. Raf1 Rc6 20. h4 Nf4 21. Nxf4 exf4 22. Rf3 Rg4 23. Rh6 Ra6 24. Rf2 Rc6 25. Rc2 f3 26. Rxh7 Rc4 27. Kf1 {(Zeit)} 1-0

[Event "89th GER-ch"]
[Site "Dresden"]
[Date "2018.08.03"]
[Round "1"]
[White "Mueller, Nick"]
[Black "Heinert, Eugen"]
[Result "1-0"]
[WhiteElo "2313"]
[BlackElo "2146"]
[Annotator "ChessBase"]
[PlyCount "47"]
[EventDate "2018.08.03"]
[EventType "swiss"]
[EventCountry "GER"]
[SourceTitle "playchess.com"]
[Source "ChessBase"]
[SourceQuality "1"]
[TimeControl "40/5400+30:1800+30"]

1. e4 e6 2. d4 d5 3. e5 c5 4. c3 Nc6 5. Nf3 Bd7 6. Be2 Rc8 7. O-O Nge7 8. Re1 Nf5 9. dxc5 Bxc5 10. Bd3 Nh4 11. Nbd2 O-O 12. Nb3 Nxf3+ 13. Qxf3 Bb6 14. Qh3 f5 15. exf6 Qxf6 16. Qxh7+ Kf7 17. Qh5+ g6 18. Qh7+ Qg7 19. Bxg6+ Kf6 20. Bg5+ Kxg5 21. Qxg7 Bxf2+ 22. Kh1 Rg8 23. Qxd7 Rcd8 24. Qxb7 1-0

[Event "89th GER-ch"]
[Site "Dresden"]
[Date "2018.08.03"]
[Round "1"]
[White "Armbrust, Florian"]
[Black "Proschmann, Tino"]
[Result "1/2-1/2"]
[WhiteElo "2300"]
[BlackElo "2092"]
[Annotator "ChessBase"]
[PlyCount "62"]
[EventDate "2018.08.03"]
[EventType "swiss"]
[EventCountry "GER"]
[SourceTitle "playchess.com"]
[Source "ChessBase"]
[SourceQuality "1"]
[TimeControl "40/5400+30:1800+30"]

1. e4 c5 2. Nc3 Nc6 3. Bb5 Nd4 4. Bc4 e6 5. Nge2 a6 6. Nxd4 cxd4 7. Ne2 Nf6 8. d3 Bc5 9. O-O d5 10. exd5 Nxd5 11. c3 dxc3 12. bxc3 O-O 13. d4 Be7 14. a4 Bd7 15. Bxd5 exd5 16. Qb3 Bc6 17. Ba3 Re8 18. Bxe7 Rxe7 19. Ng3 Qd7 20. a5 Rae8 21. Qc2 Bb5 22. Rfc1 g6 23. Qd2 f5 24. h4 Qd6 25. Qh6 Qf6 26. Qf4 Kh8 27. h5 Bd3 28. Qd2 Bb5 29. Qf4 Bd3 30. Qd2 Bb5 31. Qf4 Bd3 1/2-1/2

[Event "89th GER-ch"]
[Site "Dresden"]
[Date "2018.08.03"]
[Round "1"]
[White "Gaede, Derek"]
[Black "Buhmann, Rainer"]
[Result "1/2-1/2"]
[WhiteElo "2298"]
[BlackElo "2581"]
[Annotator "TA"]
[PlyCount "82"]
[EventDate "2018.08.03"]
[EventType "swiss"]
[EventCountry "GER"]
[SourceTitle "playchess.com"]
[Source "ChessBase"]
[SourceQuality "1"]

{[%evp 20,82,0,3,9,7,20,0,0,0,11,0,22,0,41,48,185,170,170,196,194,190,170,153,171,116,114,117,129,138,150,133,153,139,166,136,229,63,77,68,64,0,0,0,0,0,11,-44,39,25,31,29,28,0,8,0,54,0,22,22,155,145,217,223,218]} 1. d4 {Moradiabadi,E} Nf6 2. Nf3 d5 3. Bf4 c5 4. e3 Nc6 5. Nbd2 e6 6. c3 cxd4 7. exd4 {D02: 1 d4 d5 2 Nf3 sidelines, including 2...Nf6 3 g3 and 2...Nf6 3 Bf4} Nh5 {[%cal Bf6h5,Bh5g7,Bg7f5][%mdl 32]} 8. Be3 Bd6 9. Ne5 g6 10. g4 Ng7 11. h4 {LiveBook: 10 Games} f6 $146 ({Predecessor:} 11... Nxe5 12. dxe5 Bxe5 13. Nf3 Bf6 14. h5 O-O {½-½ (30) Kamsky,G (2659)-Nakamura,H (2793) Saint Louis 2017 CBM 178 [Moradiabadi,E]}) 12. Nxc6 bxc6 13. h5 gxh5 $1 14. gxh5 {[%cal Bg4h5,Bh5h6][%mdl 32]} Nf5 15. Rg1 Qe7 16. h6 Bd7 17. Bd3 Kd8 {[#]} (17... Qf7 $14) 18. Qf3 $1 $18 Nxe3 19. Rg7 ({Much worse is} 19. Qxe3 $6 e5 $11) ({Don't play} 19. fxe3 $6 f5 $14) 19... Qf8 20. fxe3 ({Weaker is} 20. Qxe3 Rg8 $11) 20... f5 21. O-O-O Qf6 22. Qh5 (22. Qh1 $18) 22... Be8 $16 23. Qh3 a5 24. Nf3 Kc8 25. Rdg1 Bg6 {intending ...Bf8.} 26. Nh4 {[%cal Rh4g6]} Be8 27. Ng2 Kb8 {[#]} (27... Bf7 $16 28. Qh4 Qxh4 29. Nxh4 Ra7) 28. Kb1 $2 (28. Qh4 $1 $18 {[%cal Rh4f6]} Qxh4 29. Nxh4) 28... Ra7 $14 29. Nf4 Bf7 30. c4 (30. Bc2 $14) 30... Bxf4 $1 $11 31. exf4 Qxd4 {Strongly threatening ...Rb7.} 32. cxd5 cxd5 33. Bc2 (33. Qf1 $11) 33... Bg6 (33... Qxf4 $15 34. Rf1 Qd4) 34. Qb3+ $14 {[%mdl 1024] White has compensation.} Ka8 35. Rd1 Qc5 36. Bd3 Rc8 37. a4 Rac7 (37... Be8 $11) 38. Ka2 (38. Re1 $14 Qc6 39. Ka2) 38... Be8 39. Rdg1 {Rxc7 is the strong threat.} Bg6 (39... Ka7 $11 {remains equal.}) 40. Re1 $16 Rb8 (40... Rxg7 $16 41. hxg7 Bf7) 41. Bb5 $18 Rb6 {Precision: White = 45%, Black = 43%.} 1/2-1/2

[Event "89th GER-ch"]
[Site "Dresden"]
[Date "2018.08.03"]
[Round "1"]
[White "Fischer, Sebastian"]
[Black "Kvetny, Mark"]
[Result "0-1"]
[WhiteElo "2292"]
[BlackElo "2421"]
[Annotator "TA"]
[PlyCount "80"]
[EventDate "2018.08.03"]
[EventType "swiss"]
[EventCountry "GER"]
[SourceTitle "playchess.com"]
[Source "ChessBase"]
[SourceQuality "1"]

{[%evp 12,80,0,0,0,-16,2,0,4,-3,0,-25,-9,-13,-8,-33,-20,-46,-41,-47,-23,-47,0,0,0,-30,-31,-56,-52,-90,0,-82,-82,-65,-20,-45,-33,-127,-131,-117,-131,-112,-112,-102,-103,-151,-106,-128,-91,-195,-192,-316,-289,-279,-281,-279,-271,-275,-264,-274,-259,-264,-256,-482,-481,-473,-457,-573,-575,-748,-730]} 1. d4 Nf6 2. Nf3 c5 3. c3 d5 4. Bf4 Nc6 5. e3 Qb6 6. b3 {D02: 1 d4 d5 2 Nf3 sidelines, including 2...Nf6 3 g3 and 2...Nf6 3 Bf4} (6. Qb3 c4 7. Qc2 Bf5 8. Qc1 h6 9. h3 e6 10. Nbd2 Be7 11. Be2 Qd8 12. Ne5 Nxe5 13. Bxe5 O-O 14. O-O b5 15. Re1 Ne4 16. Bf3 Ng5 17. Bd1 {½-½ (36) Stupak,K (2573)-Gelfand,B (2729) Tbilisi 2017}) 6... cxd4 7. exd4 {LiveBook: 4 Games} Bf5 8. Bd3 {The position is equal.} Bxd3 9. Qxd3 e6 10. Nbd2 Nh5 $146 ({Predecessor:} 10... Be7 11. O-O O-O 12. Bg5 h6 13. Bh4 a5 {0-1 (69) Perez Avendano,P (2139)-Estrada Nieto,J (2356) Aguascalientes 2008}) 11. Bg3 Nxg3 12. hxg3 g6 13. Ng5 h6 14. f4 Bg7 15. Ngf3 (15. Nxe6 fxe6 16. Qxg6+ Kf8 $17) 15... a5 16. a4 Qa6 17. Qxa6 Rxa6 18. Ke2 h5 19. Ne5 Ne7 20. Kf3 Bxe5 (20... f6 $17 21. Nd3 Rc6) 21. fxe5 (21. dxe5 $11 Rc6 22. c4) 21... Rc6 $17 22. Rac1 Kd7 23. Ke2 Nf5 24. Rh3 {[#]} (24. Kd3 $1 $15) 24... Nxd4+ $1 {[%mdl 512]} 25. Kd3 (25. cxd4 Rxc1) 25... Nf5 26. g4 Nh6 $1 $36 {[%mdl 2048] Keeping White busy.} 27. gxh5 Ng4 28. Kd4 gxh5 ({Don't play} 28... Rxh5 29. Rxh5 gxh5 30. Nf3 $15) 29. Rch1 Rhc8 {Hoping for ...Nf2.} 30. Rf1 {[#]} (30. Rc1 $17) 30... f6 $1 $19 {[%cal Rf6e5][%mdl 512]} 31. Nf3 (31. Rxf6 {was called for.} Nxf6 32. exf6) (31. exf6 e5+) 31... Rxc3 32. exf6 Kd6 {( -> ...Ne3)} 33. Ne5 Rc2 34. f7 Rd2+ ({Weaker is} 34... Nxe5 35. f8=Q+ Rxf8 36. Rxf8 $17) 35. Rd3 Rxd3+ ({Resist} 35... Rxg2 36. f8=Q+ Rxf8 37. Rxf8 $17) 36. Nxd3 {[#]} Rf8 $1 37. Rh1 $2 (37. Kc3 {was forced.}) 37... e5+ {Black is clearly winning.} 38. Kc3 Nf6 39. Nf2 Rxf7 40. Rh4 Rg7 {Precision: White = 23%, Black = 67%.} 0-1

[Event "89th GER-ch"]
[Site "Dresden"]
[Date "2018.08.03"]
[Round "1"]
[White "Gungl, Theo"]
[Black "Colpe, Malte"]
[Result "1/2-1/2"]
[WhiteElo "2283"]
[BlackElo "2384"]
[Annotator "ChessBase"]
[PlyCount "88"]
[EventDate "2018.08.03"]
[EventType "swiss"]
[EventCountry "GER"]
[SourceTitle "playchess.com"]
[Source "ChessBase"]
[SourceQuality "1"]
[TimeControl "40/5400+30:1800+30"]

1. e4 e5 2. Nf3 Nc6 3. Bb5 a6 4. Bxc6 dxc6 5. O-O Bg4 6. h3 h5 7. d3 Qf6 8. Nbd2 g5 9. Nc4 Bxf3 10. Qxf3 Qxf3 11. gxf3 f6 12. Kg2 Ne7 13. Ne3 Kf7 14. Rg1 Rd8 15. Kf1 Nc8 16. Ke2 Bc5 17. h4 Ne7 18. hxg5 Rdg8 19. Nf1 Bd6 20. Be3 h4 21. Nd2 fxg5 22. Rxg5 Rxg5 23. Bxg5 Ng6 24. Rh1 Be7 25. Be3 b6 26. d4 exd4 27. Bxd4 Rd8 28. Be3 Bd6 29. f4 Bxf4 30. Nf3 Rh8 31. Bxf4 Nxf4+ 32. Ke3 Ng2+ 33. Ke2 Nf4+ 34. Kd2 Kf6 35. Rh2 h3 36. Ng1 Rd8+ 37. Ke3 Ng2+ 38. Ke2 Nf4+ 39. Kf3 Ne6 40. Ke3 Rd1 41. Ne2 Ra1 42. Nc3 Rc1 43. Kd2 Rf1 44. Ke2 Rc1 1/2-1/2

[Event "89th GER-ch"]
[Site "Dresden"]
[Date "2018.08.03"]
[Round "1"]
[White "Brustkern, Juergen"]
[Black "Langrock, Hannes"]
[Result "1/2-1/2"]
[WhiteElo "2219"]
[BlackElo "2370"]
[Annotator "ChessBase"]
[PlyCount "72"]
[EventDate "2018.08.03"]
[EventType "swiss"]
[EventCountry "GER"]
[SourceTitle "playchess.com"]
[Source "ChessBase"]
[SourceQuality "1"]
[TimeControl "40/5400+30:1800+30"]

1. e4 e6 2. d3 d5 3. Qe2 Ne7 4. Nf3 c5 5. g3 Nbc6 6. Bg2 g6 7. O-O Bg7 8. e5 Qc7 9. Re1 Bd7 10. c4 O-O 11. Bf4 h6 12. h4 dxc4 13. dxc4 Nf5 14. Nc3 Ncd4 15. Nxd4 Nxd4 16. Qd2 h5 17. Ne4 Bc6 18. Rac1 Rfd8 19. Qe3 Kf8 20. Nf6 Bxg2 21. Kxg2 Qc6+ 22. Qe4 Bxf6 23. exf6 Ke8 24. f3 Qxe4 25. Rxe4 Kd7 26. g4 Kc6 27. Re5 Rh8 28. Bg3 Rad8 29. Bf2 b6 30. b3 Rd7 31. Rc3 a5 32. Kg3 Rd6 33. Kf4 Rd7 34. Kg3 Rd6 35. Kf4 Rd7 36. Kg3 Rd6 {(=)} 1/2-1/2

[Event "89th GER-ch"]
[Site "Dresden"]
[Date "2018.08.03"]
[Round "1"]
[White "Plassmann, Dominik"]
[Black "Faerber, David"]
[Result "1/2-1/2"]
[WhiteElo "2186"]
[BlackElo "2321"]
[Annotator "ChessBase"]
[PlyCount "61"]
[EventDate "2018.08.03"]
[EventType "swiss"]
[EventCountry "GER"]
[SourceTitle "playchess.com"]
[Source "ChessBase"]
[SourceQuality "1"]
[TimeControl "40/5400+30:1800+30"]

1. e4 c6 2. d4 d5 3. f3 e6 4. Nc3 Bb4 5. Be3 dxe4 6. fxe4 Qh4+ 7. g3 Qxe4 8. Qe2 Qd5 9. Bg2 Qa5 10. Bd2 Nf6 11. Nf3 O-O 12. O-O Nbd7 13. Rae1 Qd8 14. Kh1 Nb6 15. Ne5 Be7 16. Ne4 Nxe4 17. Qxe4 Nd5 18. c4 Nf6 19. Qe3 Bd7 20. Bc3 Be8 21. Rf2 Qc7 22. Ref1 Nd7 23. d5 cxd5 24. cxd5 Nxe5 25. Bxe5 Bd6 26. Bxg7 Kxg7 27. Qg5+ Kh8 28. Qf6+ Kg8 29. Qg5+ Kh8 30. Qf6+ Kg8 31. Qg5+ 1/2-1/2

[Event "89th GER-ch"]
[Site "Dresden"]
[Date "2018.08.03"]
[Round "1"]
[White "Adiyaman, Rene"]
[Black "Miller, Eduard"]
[Result "0-1"]
[WhiteElo "2097"]
[BlackElo "2309"]
[Annotator "ChessBase"]
[PlyCount "100"]
[EventDate "2018.08.03"]
[EventType "swiss"]
[EventCountry "GER"]
[SourceTitle "playchess.com"]
[Source "ChessBase"]
[SourceQuality "1"]
[TimeControl "40/5400+30:1800+30"]

1. e4 e5 2. Nf3 Nc6 3. Bc4 Bc5 4. c3 Nf6 5. d3 O-O 6. O-O d5 7. exd5 Nxd5 8. Re1 Bg4 9. h3 Bh5 10. Nbd2 Nb6 11. Bb5 Bd6 12. Ne4 f5 13. Bg5 Ne7 14. Ng3 Bxf3 15. Qxf3 c6 16. Bc4+ Nxc4 17. dxc4 e4 18. Qe2 h6 19. Bc1 Qc7 20. Nh5 c5 21. f3 Rae8 22. fxe4 Ng6 23. Be3 Rxe4 24. Qd2 Rh4 25. Qd1 Rd8 26. Qf3 Qc6 27. Qxc6 bxc6 28. Bf2 Rxh5 29. Rad1 Kf7 30. Kf1 f4 31. Re4 Be7 32. Rde1 Rd2 33. Re6 Rxf2+ 34. Kxf2 Bh4+ 35. Kf3 Bxe1 36. Rxe1 Ne5+ 37. Ke4 Nxc4 38. Kxf4 Rd5 39. b3 Nd6 40. Re3 Kf6 41. g4 Rd2 42. a4 Rb2 43. Rd3 g5+ 44. Kf3 Nf7 45. Kg3 Rxb3 46. Rd7 Rxc3+ 47. Kg2 Ra3 48. Rxa7 c4 49. Rc7 Ne5 50. Rh7 Nf7 0-1

[Event "89th GER-ch"]
[Site "Dresden"]
[Date "2018.08.03"]
[Round "1.1"]
[White "Gaede, Derek"]
[Black "Buhmann, Rainer"]
[Result "*"]
[WhiteElo "2298"]
[BlackElo "2581"]
[Annotator "ChessBase"]
[PlyCount "25"]
[EventDate "2018.08.03"]
[EventType "swiss"]
[EventCountry "GER"]
[SourceTitle "playchess.com"]
[Source "ChessBase"]
[SourceQuality "1"]
[TimeControl "40/5400+30:1800+30"]

1. d4 {[%emt 1:30:30]} Nf6 {[%emt 1:30:23]} 2. Nf3 {[%emt 1:30:48]} d5 {[%emt 1:31:10]} 3. Bf4 {[%emt 1:31:10]} c5 {[%emt 1:30:00]} 4. e3 {[%emt 1:31:29]} Nc6 {[%emt 1:29:51]} 5. Nbd2 {[%emt 1:31:52]} e6 {[%emt 1:29:21]} 6. c3 {[%emt 1:32:08]} cxd4 {[%emt 1:29:05]} 7. exd4 {[%emt 1:32:32]} Nh5 {[%emt 1:29:21]} 8. Be3 {[%emt 1:32:52]} Bd6 {[%emt 1:28:48]} 9. Ne5 {[%emt 1:33:01]} g6 {[%emt 1:28:39]} 10. g4 {[%emt 1:33:03]} Ng7 {[%emt 1:28:27]} 11. h4 {[%emt 1:33:25]} f6 {[%emt 1:27:28]} 12. Nxc6 {[%emt 1:25:05]} bxc6 {[%emt 1:25:56]} 13. h5 {[%emt 1:19:27]} *

[Event "89th GER-ch"]
[Site "Dresden"]
[Date "2018.08.03"]
[Round "1.4"]
[White "Reuker, Jari"]
[Black "Svane, Frederik"]
[Result "*"]
[WhiteElo "2404"]
[BlackElo "2292"]
[Annotator "NA"]
[PlyCount "24"]
[EventDate "2018.08.03"]
[EventType "swiss"]
[EventCountry "GER"]
[SourceTitle "playchess.com"]
[Source "ChessBase"]
[SourceQuality "1"]
[TimeControl "40/5400+30:1800+30"]

1. e4 c5 {[%emt 1:30:18]} 2. Nf3 {[%emt 1:30:47]} e6 {[%emt 1:30:07]} 3. d4 {[%emt 1:31:10]} cxd4 {[%emt 1:30:32]} 4. Nxd4 {[%emt 1:31:36]} a6 {[%emt 1:30:43]} 5. c4 {[%emt 1:31:58]} Nf6 {[%emt 1:31:01]} 6. Nc3 {[%emt 1:32:22]} Qc7 {[%emt 1:31:25]} 7. Be2 {[%emt 1:32:45]} b6 {[%emt 1:31:13]} 8. O-O {[%emt 1:32:07]} Bb7 {[%emt 1:31:18]} 9. Qd3 {[%emt 1:32:04]} d6 {[%emt 1:31:20]} 10. f4 {[%emt 1:32:05]} Nbd7 {[%emt 1:26:23]} 11. b4 {[%emt 1:32:03]} Rc8 {[%emt 1:15:36]} 12. Bb2 {[%emt 1:28:46]} Be7 $14 {[%emt 1:15:07]} *